| 000 | 01334nam1a22002771i 4500 | ||
|---|---|---|---|
| 001 | rc\4729439 | ||
| 005 | 20260407015722.0 | ||
| 021 |
_aRU _b[66-13626] |
||
| 021 |
_aRU _b[64-96988] |
||
| 035 | _a(NLR Aleph) 008732269 | ||
| 090 |
_a9483551 _c9483551 |
||
| 100 | _a20130416g19641965|||y0rusy50 ca | ||
| 101 | 0 | _arus | |
| 102 | _aRU | ||
| 105 | _a z ||||| | ||
| 200 | 1 |
_aПетрография Узбекистана _f[Ред. коллегия: д-р геол.-минерал. наук И.Х. Хамрабаев (гл. ред.) и др.] Кн. 1-2 _gИн-т геологии и геофизики им. Х.М. Абдуллаева Акад. наук. УзССР. Гл. упр. геологии и охраны недр при Совете Министров УзССР |
|
| 210 |
_aТашкент _cНаука _d1964-1965 |
||
| 215 |
_a2 т. _d27 |
||
| 606 |
_aПетрография _yУзбекская ССР _2psbo |
||
| 702 | 1 |
_4340 _7ca _8rus _aХамрабаев _bИ. Х. _f1920-2002 _gИбрагим Хамрабаевич _9267356 _3RU\NLR\AUTH\770267412 |
|
| 712 | 0 | 2 |
_aИнститут геологии и геофизики им. Х. М. Абдуллаева _cТашкент _3RU\NLR\AUTH\8810004289 _9505877 |
| 801 | 0 |
_aRU _bNLR _gpsbo |
|
| 801 | 1 |
_aRU _bELAR _2rusmarc |
|
| 852 |
_aNLR _j64-7/2770 |
||
| 942 | _cBOOK | ||